LEADER 01653nam 2200397 450 001 000016357 005 20050718115600.0 010 $a0-444-99706-7 100 $a20030909d1982----km-y0itay0103----ba 101 0 $aeng$ager$afre$arus 102 $aNL 200 1 $aDictionary of mathematics$ein four languages$eEnglish, German, French, Russian$fcompiled by Günther Eisenreich and Ralf Sube 210 $aAmsterdam...[etc.]$cElsevier scientific publishing company$d1982 215 $a2 v.$d24 cm. 327 1 $aVol. 1. - 923 p.$aVol. 2. - P. 929-1460 606 $aMatematica$xDizionari poliglotti 676 $a510.3$v(21. ed.)$9Matematica. Dizionari, enciclopedie, concordanze 700 1$aEisenreich,$bGünther$0757173 701 1$aSube,$bRalf$057348 801 0$aIT$bUniversità della Basilicata - B.I.A.$gRICA$2unimarc 912 $a000016357 996 $aDictionary of mathematics$91527152 997 $aUNIBAS BAS $aMONSCI BAS $aSCIENZE CAT $aTORRE$b20$c20030909$lBAS01$h1246 CAT $aTORRE$b20$c20030909$lBAS01$h1251 CAT $aTORRE$b20$c20030909$lBAS01$h1325 CAT $c20050601$lBAS01$h1755 CAT $abatch$b01$c20050718$lBAS01$h1053 CAT $c20050718$lBAS01$h1112 CAT $c20050718$lBAS01$h1142 CAT $c20050718$lBAS01$h1156 FMT Z30 -1$lBAS01$LBAS01$mBOOK$1BASA2$APolo Tecnico-Scientifico$2DID$BDidattica$3PTS.s1.p3.4$646935$5S46935$820030909$b2$e929-1460$f04$FPrestabile Didattica$hVol. 2. Z30 -1$lBAS01$LBAS01$mBOOK$1BASA2$APolo Tecnico-Scientifico$2DID$BDidattica$3PTS.s2.p3.2$646934$5S46934$820030909$b1$e923$f04$FPrestabile Didattica$hVol. 1. LEADER 01241nam2-2200385li-450 001 990000194480203316 005 20180312154625.0 010 $a0-7503-0535-5 035 $a0019448 035 $aUSA010019448 035 $a(ALEPH)000019448USA01 035 $a0019448 100 $a20001109d1999----km-y0itay0103----ba 101 0 $aeng 102 $aGB 200 1 $aBasic ideas and concepts in nuclear physics$ean introductory approach$fK. Heyde 205 $a2nd ed 210 $aBristol and Philadelphia$cInstitute of Physics Publishing$dcopyr. 1999 215 $aXX, 524 p.$cill.$d23 cm 225 2 $aGraduate student series in physics$v0 410 0$10010019445$12001$aGraduate student series in physics 610 1 $afisica nucleare 676 $a5397$9Fisica atomica e nucleare 700 1$aHeyde,$bKris$0290857 801 $aSistema bibliotecario di Ateneo dell' Università di Salerno$gRICA 912 $a990000194480203316 951 $a539.7 HEY$b0024181 959 $aBK 969 $aSCI 979 $c19991119 979 $c20001110$lUSA01$h1713 979 $c20020403$lUSA01$h1627 979 $aPATRY$b90$c20040406$lUSA01$h1614 996 $aBasic ideas and concepts in nuclear physics$9185315 997 $aUNISA LEADER 01050nam a2200265 i 4500 001 991002002289707536 005 20020507155040.0 008 010131s1990 it ||| | ita 020 $a8814025673 035 $ab11594998-39ule_inst 035 $aLE02728838$9ExL 040 $aDip.to Studi Giuridici$bita 084 $aCM-XXII/A 100 1 $aMontanari, Massimo$038269 245 10$aImpresa e responsabilita :$bsviluppo storico e disciplina positiva /$cMassimo Montanari 260 $aMIlano :$bA. Giuffre,$c1990 300 $ax, 271 p. ;$c24 cm. 490 0 $aPubblicazioni della Facoltà di giurisprudenza della Università di Pisa. Istituto di diritto internazionale D. Anzilotti ;$v14 650 4$aAziende$xResponsabilita 907 $a.b11594998$b01-03-17$c02-07-02 912 $a991002002289707536 945 $aLE027 CM-XXII/A 5$g1$i2027000279661$lle027$o-$pE0.00$q-$rl$s- $t0$u2$v0$w2$x0$y.i11805766$z02-07-02 996 $aImpresa e responsabilità$9688677 997 $aUNISALENTO 998 $ale027$b01-01-01$cm$da $e-$fita$git $h0$i1